[Event "Titled Tue 3rd Jan Late"]
[Site "chess.com INT"]
[Date "2025.06.03"]
[Round "6"]
[White "Arkell, Keith C"]
[Black "Sindarov, Islombek"]
[Result "1-0"]
[WhiteTitle "GM"]
[BlackTitle "CM"]
[WhiteElo "2342"]
[BlackElo "2129"]
[WhiteFideId "400270"]
[BlackFideId "14205475"]
[EventDate "2025.06.03"]

1. d4 c5 2. d5 g6 3. Nc3 d6 4. e4 Bg7 5. Nf3 Nf6 6. Bb5+ Bd7 7. a4 O-O 8. h3 a6
9. Bc4 Ne8 10. O-O Nc7 11. Qe2 e6 12. dxe6 Bxe6 13. Bg5 Qd7 14. Rad1 Nc6 15. Nd5
Bxd5 16. Bxd5 Rae8 17. c3 b5 18. axb5 axb5 19. Bf4 b4 20. Bxc6 Qxc6 21. Rxd6
Qxe4 22. Qxe4 Rxe4 23. Bd2 b3 24. Be3 Ne6 25. Nd2 Re5 26. Nxb3 Rb8 27. Nd2 Rxb2
28. Nc4 Rxe3 29. Nxe3 Bxc3 30. Nd1 Rc2 31. Nxc3 Rxc3 32. Rb1 Kg7 33. Rb7 Kf6 34.
Rdd7 h5 35. Rxf7+ Ke5 36. Rfe7 Rc1+ 37. Kh2 Re1 38. Rb6 Kd5 39. Rd7+ Kc4 40. Re7
Kd5 41. Rd7+ Ke5 42. Rc6 h4 43. Rc8 g5 44. Rd3 Kf5 45. Rf3+ Nf4 46. Rxc5+ Kg6
47. Re3 Rf1 48. Ree5 Rxf2 49. Rxg5+ Kh6 50. Rg4 Nd3 51. Rxh4+ Kg6 52. Rg4+ Kf6
53. Rc8 Ra2 54. Rf8+ Ke5 55. Rf1 Rd2 56. h4 Nc5 57. h5 Ne6 58. h6 Rd8 59. Rg6
Rh8 60. Re1+ Kf5 61. Rexe6 1-0

[Event "Titled Tue 3rd Jan Late"]
[Site "chess.com INT"]
[Date "2025.06.03"]
[Round "6"]
[White "Gelman, Alexander"]
[Black "Yanev, Tihomir"]
[Result "0-1"]
[WhiteTitle "IM"]
[BlackTitle "IM"]
[WhiteElo "2403"]
[BlackElo "2354"]
[WhiteFideId "4118316"]
[BlackFideId "2910110"]
[EventDate "2025.06.03"]

1. d4 Nf6 2. Nc3 g6 3. e4 d6 4. f4 Bg7 5. Nf3 O-O 6. e5 dxe5 7. fxe5 Nd5 8. h4
Bg4 9. h5 c5 10. hxg6 hxg6 11. Rh4 Nxc3 12. bxc3 Bxf3 13. Qxf3 Nc6 14. Rh1 Qa5
15. Bd2 Rfd8 16. Bc4 e6 17. Qh3 cxd4 18. cxd4 Qa4 19. Bxe6 Qxd4 20. Bxf7+ Kxf7
21. Rf1+ Ke8 22. Qe6+ Ne7 23. Rd1 Qxe5+ 24. Qxe5 Bxe5 0-1

[Event "Titled Tue 3rd Jan Late"]
[Site "chess.com INT"]
[Date "2025.06.03"]
[Round "6"]
[White "Florescu, Codrut-Constantin"]
[Black "Schuster, Karsten"]
[Result "1-0"]
[WhiteTitle "IM"]
[BlackTitle "FM"]
[WhiteElo "2193"]
[BlackElo "2266"]
[WhiteFideId "1202200"]
[BlackFideId "4611071"]
[EventDate "2025.06.03"]

1. d4 d5 2. Nf3 Nf6 3. c4 c6 4. Nc3 a6 5. c5 g6 6. Bf4 Bg7 7. e3 Nh5 8. Be5 f6
9. Bxb8 Rxb8 10. h3 f5 11. Be2 Nf6 12. Ne5 Ne4 13. f4 O-O 14. Nxe4 fxe4 15. O-O
Be6 16. b4 Qc8 17. Kh2 Qc7 18. a4 Bxe5 19. fxe5 Rxf1 20. Qxf1 Rf8 21. Qe1 Qd7
22. Qg3 Kg7 23. b5 axb5 24. axb5 Qc8 25. b6 Qe8 26. Ra7 Bc8 27. e6 Rf6 28. Qc7
Rf8 29. Qe5+ Rf6 30. Ra8 Qg8 31. Qc7 Qxe6 32. Rxc8 Rf2 33. Bg4 Qf6 34. Qd8 Kh6
35. Rc7 Rf3 36. Qxe7 Qxe7 37. Rxe7 Rxe3 38. Rxb7 Rb3 39. Rc7 e3 40. Rxc6 Kg5 41.
Re6 h5 42. Bf3 Kf5 43. Re5+ Kf4 44. Bxd5 Rb2 45. b7 h4 46. c6 1-0

[Event "Titled Tue 3rd Jan Late"]
[Site "chess.com INT"]
[Date "2025.06.03"]
[Round "6"]
[White "Sethuraman, Roshan"]
[Black "Ferrara, Enzo"]
[Result "1-0"]
[WhiteElo "2074"]
[BlackElo "2138"]
[WhiteFideId "30965250"]
[BlackFideId "137731"]
[EventDate "2025.06.03"]

1. e4 e6 2. d4 d5 3. Nd2 c5 4. Ngf3 Nc6 5. exd5 exd5 6. Bb5 Qe7+ 7. Qe2 Qxe2+ 8.
Kxe2 Bd7 9. Bxc6 Bxc6 10. c3 Nf6 11. Re1 O-O-O 12. Kf1 Bb5+ 13. Kg1 Bd6 14. dxc5
Bxc5 15. Nb3 Bb6 16. Nbd4 Bd3 17. Bg5 Be4 18. Ne5 Rhf8 19. f3 Bf5 20. Rad1 h6
21. Be3 Bh7 22. Bf2 Rde8 23. Nb5 Re6 24. Nxa7+ Bxa7 25. Bxa7 b6 26. Nxf7 Rxe1+
27. Rxe1 Rxf7 28. Bxb6 Rb7 29. Bd4 Rxb2 30. Re7 Nh5 31. g3 Rxa2 32. Re5 Nf6 33.
Re7 Nd7 34. Rxg7 Bd3 35. g4 Be2 36. Kf2 Bd1+ 37. Kg3 Bb3 38. h4 Bc4 39. g5 hxg5
40. hxg5 Ra1 41. g6 Kd8 42. Rh7 Ke8 43. Rh8+ Ke7 44. g7 1-0

[Event "Titled Tue 3rd Jan Late"]
[Site "chess.com INT"]
[Date "2025.06.03"]
[Round "6"]
[White "Annaberdiyev, Babageldi"]
[Black "Medina Paz, Miguel"]
[Result "0-1"]
[WhiteTitle "FM"]
[BlackTitle "IM"]
[WhiteElo "2208"]
[BlackElo "2368"]
[WhiteFideId "14000385"]
[BlackFideId "7300379"]
[EventDate "2025.06.03"]

1. e4 c5 2. Nf3 Nc6 3. d3 g6 4. Nbd2 Bg7 5. g3 e6 6. Bg2 Nge7 7. h4 h5 8. O-O
O-O 9. Re1 d5 10. e5 Qc7 11. Qe2 Nf5 12. c3 d4 13. c4 b6 14. Nf1 Bb7 15. Bg5
Rae8 16. N1h2 Nb4 17. a3 Bxf3 18. Bxf3 Nc6 19. g4 hxg4 20. Nxg4 Kh7 21. Nf6+
Bxf6 22. Bxf6 Nce7 23. Kg2 Ng8 24. Rh1 Ngh6 25. Qe4 Rg8 26. Rag1 Qd7 27. b3 b5
28. Qf4 bxc4 29. bxc4 Qa4 30. Be4 Qc2 31. Rh3 Ne3+ 32. Kh1 Nef5 33. h5 gxh5 34.
Rxh5 Rxg1+ 35. Kxg1 Qd1+ 36. Kg2 Qxh5 37. f3 Rg8+ 38. Kf2 Qh1 39. Bg5 Rg6 40. a4
Qh5 41. Bxh6 Qxh6 42. Qxh6+ Kxh6 43. f4 Rg4 44. Kf3 Rg3+ 45. Kf2 Re3 46. a5 Kh5
47. a6 Kg4 48. Bc6 Kxf4 49. Be8 Kxe5 50. Bxf7 Rxd3 0-1

[Event "Titled Tue 3rd Jan Late"]
[Site "chess.com INT"]
[Date "2025.06.03"]
[Round "6"]
[White "Rojas Alarcon, Julian Antonio"]
[Black "Mizzi, Jack"]
[Result "1-0"]
[WhiteTitle "FM"]
[BlackTitle "CM"]
[WhiteElo "2365"]
[BlackElo "2086"]
[WhiteFideId "5107407"]
[BlackFideId "5602521"]
[EventDate "2025.06.03"]

1. d4 Nf6 2. c4 e6 3. Nc3 Bb4 4. a3 Bxc3+ 5. bxc3 b6 6. e3 Bb7 7. Ne2 O-O 8. Ng3
d6 9. f3 c5 10. Bd3 d5 11. cxd5 exd5 12. O-O Nc6 13. Ra2 Qc8 14. Re2 Ba6 15. Nf5
Bxd3 16. Qxd3 c4 17. Qc2 Qd7 18. e4 Na5 19. Bg5 Ne8 20. Be7 Nc7 21. Bxf8 Rxf8
22. e5 Nb3 23. f4 Nb5 24. Ne3 N5xd4 25. cxd4 Nxd4 26. Qd2 Nxe2+ 27. Qxe2 Qc6 28.
Rd1 b5 29. Nxd5 Re8 30. f5 a5 31. f6 gxf6 32. Qg4+ Kh8 33. Nxf6 Rc8 34. Qf5 Kg7
35. Rd7 Qc5+ 36. Kh1 Rh8 37. Qg5+ Kf8 38. Rd8+ Ke7 39. Rxh8 Qxa3 40. Re8# 1-0

[Event "Titled Tue 3rd Jan Late"]
[Site "chess.com INT"]
[Date "2025.06.03"]
[Round "6"]
[White "Jagirapu, Harshin Reddy"]
[Black "Pereyra, Horacio"]
[Result "1-0"]
[WhiteElo "2042"]
[BlackElo "2133"]
[WhiteFideId "39910679"]
[BlackFideId "113700"]
[EventDate "2025.06.03"]

1. e4 c6 2. d4 d5 3. e5 Bf5 4. Nf3 e6 5. Be2 c5 6. Be3 Nc6 7. dxc5 Qc7 8. c3
Nge7 9. b4 Ng6 10. O-O Be7 11. Nd4 Rd8 12. Nxf5 exf5 13. f4 O-O 14. Bd4 f6 15.
exf6 Bxf6 16. Bxf6 Rxf6 17. g3 d4 18. a3 Kh8 19. Bf3 dxc3 20. Qb3 Nd4 21. Qxc3
Ne7 22. Nd2 b6 23. Nb3 Nxf3+ 24. Qxf3 bxc5 25. Nxc5 Rfd6 26. Rae1 Nd5 27. Rf2 a5
28. Ne6 Rxe6 29. Rxe6 Qc1+ 30. Kg2 Nf6 31. Rfe2 h6 32. Rxf6 gxf6 33. Qh5 Qc6+
34. Kh3 Rd7 35. Qe8+ 1-0

[Event "Titled Tue 3rd Jan Late"]
[Site "chess.com INT"]
[Date "2025.06.03"]
[Round "6"]
[White "Swara Lakshmi S Nair"]
[Black "Mai, Alexander Oliver"]
[Result "1-0"]
[WhiteTitle "WCM"]
[WhiteElo "2178"]
[BlackElo "2171"]
[WhiteFideId "25629239"]
[BlackFideId "2313391"]
[EventDate "2025.06.03"]

1. e4 e5 2. Nf3 Nc6 3. d4 exd4 4. Nxd4 Nf6 5. Nc3 Bb4 6. Nxc6 bxc6 7. Bd3 O-O 8.
O-O d5 9. exd5 cxd5 10. h3 c6 11. Qf3 h6 12. Bf4 Bd6 13. Rad1 Rb8 14. b3 Rb4 15.
Ne2 Re8 16. c4 Bxf4 17. Nxf4 Be6 18. Rfe1 Qd6 19. Nxe6 Rxe6 20. Rxe6 Qxe6 21.
cxd5 cxd5 22. Rc1 g6 23. Qg3 Kg7 24. Qf3 Qe5 25. Rc2 Rf4 26. Qe3 Qd6 27. g3 Rb4
28. Be2 d4 29. Qd3 a5 30. Bf3 a4 31. bxa4 Rxa4 32. Rc6 Qe5 33. Qb3 Ra7 34. Rc2
Rd7 35. Re2 Qf5 36. Kg2 d3 37. Rd2 h5 38. a4 g5 39. Qb5 Qg6 40. Bc6 Rd6 41. a5
Ne4 42. Qb2+ Kh6 43. Qh8+ Qh7 44. Qxh7+ Kxh7 45. Bxe4+ 1-0

[Event "Titled Tue 3rd Jan Late"]
[Site "chess.com INT"]
[Date "2025.06.03"]
[Round "6"]
[White "Firouzja, Alireza"]
[Black "Metin, Enis"]
[Result "1-0"]
[WhiteTitle "GM"]
[WhiteElo "2757"]
[BlackElo "2169"]
[WhiteFideId "12573981"]
[BlackFideId "26306948"]
[EventDate "2025.06.03"]

1. Nf3 Nf6 2. g3 g6 3. Bg2 Bg7 4. O-O O-O 5. c4 d6 6. Nc3 c6 7. d4 Qb6 8. e4 Bg4
9. a3 e5 10. d5 cxd5 11. cxd5 Nbd7 12. Be3 Qxb2 13. Qd3 Rfc8 14. Rfc1 Nc5 15.
Qd2 Qxd2 16. Nxd2 Bd7 17. f3 h5 18. Bf1 a6 19. Rab1 b5 20. Na2 Kh7 21. Nb4 Bh6
22. Kf2 Na4 23. Rxc8 Rxc8 24. Bxh6 Kxh6 25. Nxa6 Rc2 26. Ke1 Ra2 27. Nb4 Rxa3
28. Nc6 Nc3 29. Rb3 Ra1+ 30. Kf2 Rc1 31. Nb4 h4 32. g4 Nh7 33. Rb2 1-0

[Event "Titled Tue 3rd Jan Late"]
[Site "chess.com INT"]
[Date "2025.06.03"]
[Round "6"]
[White "Tristan, Leonardo"]
[Black "Robert, Yoann"]
[Result "0-1"]
[WhiteTitle "GM"]
[BlackTitle "CM"]
[WhiteElo "2536"]
[BlackElo "2198"]
[WhiteFideId "113816"]
[BlackFideId "36018805"]
[EventDate "2025.06.03"]

1. d4 f5 2. Nf3 Nf6 3. g3 g6 4. Bg2 Bg7 5. O-O O-O 6. Nbd2 Nc6 7. Re1 d5 8. c4
e6 9. b3 Ne4 10. Bb2 a5 11. a3 Qe7 12. Ne5 Nxe5 13. dxe5 Rd8 14. Nxe4 dxe4 15.
Qc2 Qc5 16. Qc3 Bd7 17. b4 Qb6 18. c5 Qb5 19. Bf1 Bc6 20. e3 Qa4 21. Bc4 Bd5 22.
Rec1 Bxc4 23. Qxc4 Rd5 24. c6 b6 25. Qc2 Qxc2 26. Rxc2 axb4 27. axb4 Rxa1+ 28.
Bxa1 Rd1+ 29. Kg2 Rxa1 30. Rd2 Bxe5 31. Rd7 Rb1 32. Re7 Rxb4 33. Rxe6 Bd6 34.
Re8+ Kg7 35. h3 Rc4 36. g4 Rxc6 37. g5 b5 38. Rd8 b4 39. Rd7+ Kg8 40. h4 b3 41.
h5 gxh5 42. Kh3 b2 43. Kh4 b1=Q 44. g6 Qh1+ 45. Kg5 Qg2+ 46. Kf6 Qxg6# 0-1

[Event "Titled Tue 3rd Jan Late"]
[Site "chess.com INT"]
[Date "2025.06.03"]
[Round "6"]
[White "Sanchez Negreiros, Jose Alberto"]
[Black "Carnicelli, Valerio"]
[Result "1/2-1/2"]
[WhiteTitle "FM"]
[BlackTitle "FM"]
[WhiteElo "2231"]
[BlackElo "2396"]
[WhiteFideId "3851516"]
[BlackFideId "856185"]
[EventDate "2025.06.03"]

1. d4 d6 2. e4 Nf6 3. Nc3 e5 4. Nf3 Nbd7 5. Bg5 Be7 6. Qd2 O-O 7. O-O-O c6 8. h4
b5 9. dxe5 dxe5 10. Bxf6 Nxf6 11. Qxd8 Rxd8 12. Rxd8+ Bxd8 13. Nxe5 b4 14. Nxc6
bxc3 15. Nxd8 cxb2+ 16. Kb1 Nxe4 17. Bd3 Nxf2 18. Re1 Bd7 19. Bf5 Rxd8 20. Bxd7
g5 21. Bf5 gxh4 22. c4 Kg7 23. Rf1 Rd1+ 24. Rxd1 Nxd1 25. c5 Nc3+ 26. Kxb2 Na4+
27. Kb3 Nxc5+ 28. Kc4 Ne6 29. Be4 Ng5 30. Bd5 f5 31. Kb5 f4 32. Ka6 Kf6 33. Kxa7
Ke5 34. Bb7 f3 35. gxf3 Kf4 36. Bc8 h3 37. Bxh3 Nxh3 38. a4 Ng5 39. a5 Ne6 40.
Kb6 Ke5 41. a6 Kd6 42. a7 Nc7 43. f4 h5 44. f5 h4 45. f6 h3 46. f7 Na8+ 47. Kb7
Ke7 48. Kxa8 h2 49. Kb8 h1=Q 50. a8=Q Qxa8+ 51. Kxa8 Kxf7 1/2-1/2

[Event "Titled Tue 3rd Jan Late"]
[Site "chess.com INT"]
[Date "2025.06.03"]
[Round "6"]
[White "Erdogmus, Yagiz Kaan"]
[Black "Ahmad, Khagan"]
[Result "1-0"]
[WhiteTitle "GM"]
[BlackTitle "IM"]
[WhiteElo "2618"]
[BlackElo "2405"]
[WhiteFideId "44599790"]
[BlackFideId "13431552"]
[EventDate "2025.06.03"]

1. b3 Nf6 2. Bb2 g6 3. g3 Bg7 4. Bg2 c5 5. c4 O-O 6. Nf3 Nc6 7. O-O b6 8. Ne5
Bb7 9. Nxc6 Bxc6 10. Bxc6 dxc6 11. d3 h5 12. Nd2 Qd7 13. Nf3 Qh3 14. Ng5 Qf5 15.
h4 Rfd8 16. Kg2 Nh7 17. Bxg7 Nxg5 18. Bb2 Qh3+ 19. Kg1 Ne4 20. Qe1 Nf6 21. f3
Re8 22. Qf2 e5 23. Qg2 Qf5 24. Rad1 Rad8 25. f4 e4 26. Bxf6 Qxf6 27. dxe4 Qb2
28. Rxd8 Rxd8 29. Qf3 Rd2 30. f5 Qd4+ 31. Rf2 Rd1+ 32. Kg2 Qf6 33. Qe3 Qa1 34.
fxg6 Rg1+ 35. Kf3 fxg6 36. e5 Qxa2 37. Qd3 Qb2 38. Qxg6+ Kf8 39. Ke4+ 1-0

[Event "Titled Tue 3rd Jan Late"]
[Site "chess.com INT"]
[Date "2025.06.03"]
[Round "6"]
[White "Gomez Gonzales, Fabiana"]
[Black "Orshonova, Elena"]
[Result "0-1"]
[WhiteTitle "WCM"]
[BlackTitle "WFM"]
[WhiteElo "1843"]
[BlackElo "1948"]
[WhiteFideId "3860191"]
[BlackFideId "24174750"]
[EventDate "2025.06.03"]

1. e4 e5 2. Nf3 Nc6 3. Bc4 Nf6 4. Ng5 d5 5. exd5 Na5 6. Bb5+ c6 7. dxc6 bxc6 8.
Bd3 h6 9. Ne4 Nd5 10. Nec3 Bc5 11. Be4 O-O 12. O-O f5 13. Bxd5+ cxd5 14. a3 d4
15. b4 dxc3 16. bxc5 cxd2 17. Bxd2 Nc4 18. Bc3 Qc7 19. Qd5+ Qf7 20. Qxa8 Bb7 21.
Qxa7 Ra8 22. Qxa8+ Bxa8 23. Nd2 Nxd2 24. Bxd2 Qd5 25. f3 Qxd2 26. Rad1 Qe3+ 27.
Kh1 Bc6 28. Rfe1 Qxc5 29. Ra1 Ba4 30. Rac1 Qc3 31. h3 Kf7 32. Re2 Kf6 33. Rce1
g5 34. Kh2 h5 35. Kg3 h4+ 36. Kh2 Qc5 37. Rd1 Qxa3 38. Red2 e4 39. fxe4 fxe4 40.
Rd6+ Ke5 41. R1d5+ Kf4 42. Rf6+ Ke3 43. Rxg5 Bxc2 44. Rg4 Qe7 45. Rf1 Bd3 46.
Rff4 Kd4 47. Rxh4 Qe5 48. Kg1 Kc3 49. Kf2 e3+ 50. Ke1 Kc2 51. Rc4+ Bxc4 52.
Rxc4+ Kd3 53. Rc1 Qg3+ 0-1

[Event "Titled Tue 3rd Jan Late"]
[Site "chess.com INT"]
[Date "2025.06.03"]
[Round "6"]
[White "Materia, Marco"]
[Black "Mikhalevski, Victor"]
[Result "0-1"]
[WhiteTitle "IM"]
[BlackTitle "GM"]
[WhiteElo "2489"]
[BlackElo "2513"]
[WhiteFideId "45150451"]
[BlackFideId "2801914"]
[EventDate "2025.06.03"]

1. Nf3 Nf6 2. c4 g6 3. Nc3 d5 4. cxd5 Nxd5 5. d4 Bg7 6. Qb3 Nxc3 7. bxc3 c5 8.
e3 O-O 9. Be2 b6 10. O-O Be6 11. c4 Nc6 12. Bb2 cxd4 13. exd4 Rc8 14. d5 Na5 15.
Qb4 Bxb2 16. Qxb2 Bg4 17. Ne5 Bxe2 18. Qxe2 Qd6 19. Rac1 e6 20. Rcd1 exd5 21.
Rxd5 Qe6 22. Qd3 f6 23. Nd7 Rf7 24. Rd6 Qe7 25. Qd5 Kg7 26. Rd1 Rxc4 27. Re6 Qa3
28. Nxf6 Rxf6 29. Qe5 Qf8 30. Rxf6 Qxf6 31. Rd7+ Kh6 32. Qe3+ g5 33. h4 Qa1+ 34.
Kh2 Rxh4+ 35. Kg3 Qf6 36. Rxa7 Nc4 37. Qc1 Qe5+ 38. f4 gxf4+ 39. Kf2 Qd4+ 40.
Ke2 Qe4+ 41. Kf2 Qe3+ 42. Qxe3 fxe3+ 43. Ke2 Rd4 44. Rc7 Kg6 45. a4 h5 46. Kf3
h4 47. Rc8 Kf5 48. Rf8+ Ke5 49. Re8+ Kd5 50. Rh8 Kc5 51. Rc8+ Kb4 52. Rc6 Kxa4
53. Re6 b5 0-1

[Event "Titled Tue 3rd Jan Late"]
[Site "chess.com INT"]
[Date "2025.06.03"]
[Round "6"]
[White "Ghafourian, Amir Ali"]
[Black "Sieciechowicz, Marcin"]
[Result "1-0"]
[WhiteTitle "CM"]
[BlackTitle "IM"]
[WhiteElo "2111"]
[BlackElo "2410"]
[WhiteFideId "12533831"]
[BlackFideId "1130170"]
[EventDate "2025.06.03"]

1. e4 e6 2. d4 d5 3. e5 c5 4. c3 Nc6 5. Nf3 Bd7 6. Be2 Qc7 7. O-O Nge7 8. Na3 a6
9. Nc2 Ng6 10. g3 f6 11. h4 fxe5 12. h5 Nge7 13. dxe5 Nxe5 14. Bf4 Nxf3+ 15.
Bxf3 Qc6 16. Re1 O-O-O 17. b4 Nf5 18. bxc5 Bxc5 19. Nd4 Qa4 20. Nxe6 Qxd1 21.
Raxd1 Bxe6 22. Rxe6 Ne7 23. c4 dxc4 24. Rc1 b5 25. Rxa6 Kd7 26. a4 bxa4 27. Rxc4
Rc8 28. Bg4+ 1-0

[Event "Titled Tue 3rd Jan Late"]
[Site "chess.com INT"]
[Date "2025.06.03"]
[Round "6"]
[White "Horobetz, Graham"]
[Black "Hamedi Nia, Vesal"]
[Result "1-0"]
[BlackTitle "WIM"]
[WhiteElo "2250"]
[BlackElo "2010"]
[WhiteFideId "2047322"]
[BlackFideId "12542253"]
[EventDate "2025.06.03"]

1. e4 c5 2. Nf3 Nc6 3. d4 cxd4 4. Nxd4 Nf6 5. Nc3 e5 6. Ndb5 d6 7. Nd5 Nxd5 8.
exd5 Ne7 9. c4 a6 10. Qa4 axb5 11. Qxa8 Nf5 12. Bd3 Nd4 13. Be3 bxc4 14. Bxc4
Nc2+ 15. Kd2 Nxa1 16. Rc1 Bd7 17. Qxb7 Qa5+ 18. b4 Qa3 19. Bd4 Be7 20. Qb8+ Bd8
21. Qxd6 Bg5+ 22. Ke2 Qxc1 23. Qxe5+ Be7 24. Qb8+ Bd8 25. Qe5+ Be6 26. Bb5+ Ke7
27. Bc5+ Qxc5 28. bxc5 1-0

[Event "Titled Tue 3rd Jan Late"]
[Site "chess.com INT"]
[Date "2025.06.03"]
[Round "6"]
[White "Madaminov, Mukhiddin"]
[Black "Gustafsson, Jan"]
[Result "0-1"]
[WhiteTitle "GM"]
[BlackTitle "GM"]
[WhiteElo "2520"]
[BlackElo "2591"]
[WhiteFideId "14210703"]
[BlackFideId "4625498"]
[EventDate "2025.06.03"]

1. e4 e5 2. Nf3 Nc6 3. Bc4 Nf6 4. d3 Bc5 5. Nc3 a6 6. Be3 d6 7. a4 Be6 8. Bxe6
fxe6 9. Bxc5 dxc5 10. b3 Qe7 11. Nd2 O-O-O 12. Nc4 Nd7 13. O-O g5 14. Qh5 Rdg8
15. Ne3 Nf6 16. Qd1 h5 17. f3 g4 18. f4 exf4 19. Rxf4 Nd7 20. Qd2 Nde5 21. Raf1
h4 22. Ne2 h3 23. g3 Nf3+ 24. R1xf3 gxf3 25. Rxf3 Ne5 26. Rf2 Qg5 27. Nf4 Rh6
28. Qc3 Nc6 29. Nf1 Nd4 30. b4 Rf6 31. Nxh3 Qe5 32. Qxc5 Qxc5 33. bxc5 Rxf2 34.
Kxf2 Rf8+ 35. Kg2 Nxc2 36. Ng5 Ne1+ 37. Kg1 e5 38. h4 Nxd3 39. c6 bxc6 40. Ne3
Kd7 41. Nf5 c5 42. Kf1 c4 43. Ke2 Nc5 44. g4 c3 45. Kd1 Nxa4 46. h5 Rb8 47. h6
Rb1+ 48. Kc2 Rb2+ 49. Kd3 c2 50. Kd2 Nc5 51. h7 Nb3+ 52. Kd3 c1=Q 0-1

[Event "Titled Tue 3rd Jan Late"]
[Site "chess.com INT"]
[Date "2025.06.03"]
[Round "6"]
[White "Terry, Renato"]
[Black "Bluebaum, Matthias"]
[Result "0-1"]
[WhiteTitle "IM"]
[BlackTitle "GM"]
[WhiteElo "2508"]
[BlackElo "2660"]
[WhiteFideId "3803457"]
[BlackFideId "24651516"]
[EventDate "2025.06.03"]

1. Nf3 d5 2. g3 e6 3. Bg2 Nf6 4. O-O Bd6 5. b3 O-O 6. Bb2 Nc6 7. c4 d4 8. Nxd4
Nxd4 9. Bxd4 Bxg3 10. hxg3 Qxd4 11. Qc2 e5 12. Nc3 c6 13. Rad1 Qg4 14. Ne4 Qxe2
15. Nxf6+ gxf6 16. Rfe1 Qh5 17. d4 Bg4 18. Rd2 Rad8 19. Qc3 Rfe8 20. d5 cxd5 21.
Bxd5 b6 22. Re3 Rd7 23. f3 Bf5 24. g4 Qg5 25. Kf2 Be6 26. Bxe6 Rxd2+ 27. Qxd2
Rxe6 28. Qd3 Kg7 29. b4 h5 30. Qe4 Rd6 31. c5 bxc5 32. bxc5 Rd4 33. Qf5 Qh4+ 0-1

[Event "Titled Tue 3rd Jan Late"]
[Site "chess.com INT"]
[Date "2025.06.03"]
[Round "6"]
[White "Yevchenko, Oleksandr"]
[Black "Ozalp, Burak"]
[Result "0-1"]
[WhiteTitle "CM"]
[BlackTitle "CM"]
[WhiteElo "2276"]
[BlackElo "2059"]
[WhiteFideId "14108267"]
[BlackFideId "6314210"]
[EventDate "2025.06.03"]

1. c4 e5 2. Nc3 Nf6 3. Nf3 Nc6 4. e3 Bb4 5. Qc2 h6 6. Nd5 O-O 7. a3 Bd6 8. b4
Nxd5 9. cxd5 Ne7 10. Bb2 Nxd5 11. Nxe5 Be7 12. Bc4 Nb6 13. Nxf7 Rxf7 14. Bxf7+
Kxf7 15. Qh7 Bf6 16. Bxf6 Qxf6 17. O-O d5 18. Qc2 c6 19. e4 Be6 20. Rae1 dxe4
21. Qxe4 Bd5 22. Qg4 Kg8 23. Re3 Rf8 24. f3 Nc4 25. Re2 Nd6 26. Rfe1 Nf5 27. h3
Nd4 28. Re7 Bxf3 29. Rxg7+ Qxg7 0-1

[Event "Titled Tue 3rd Jan Late"]
[Site "chess.com INT"]
[Date "2025.06.03"]
[Round "6"]
[White "Goryachkina, Aleksandra"]
[Black "Mitrabha, Guha"]
[Result "0-1"]
[WhiteTitle "GM"]
[BlackTitle "GM"]
[WhiteElo "2544"]
[BlackElo "2515"]
[WhiteFideId "4147103"]
[BlackFideId "5057000"]
[EventDate "2025.06.03"]

1. Nf3 Nf6 2. c4 b6 3. d4 Bb7 4. Nc3 e6 5. a3 d5 6. Bf4 dxc4 7. e3 Bd6 8. Bxd6
cxd6 9. Bxc4 O-O 10. O-O Nbd7 11. Rc1 a6 12. Qe2 b5 13. Bd3 Qb6 14. Nd2 Rfc8 15.
h3 h6 16. Nce4 Bd5 17. Nxf6+ Nxf6 18. e4 Bb7 19. Nf3 b4 20. axb4 Qxb4 21. Rxc8+
Rxc8 22. Bxa6 Nxe4 23. d5 exd5 24. Bxb7 Qxb7 25. Nd4 Rb8 26. b3 Rc8 27. Nf5 g6
28. Nxh6+ Kg7 29. Ng4 Qxb3 30. Ne3 d4 31. Nd1 d5 32. Qg4 Rc1 33. h4 Qd3 34. h5
Nf6 35. h6+ Kh7 36. Qf4 Rxd1 37. Qxf6 Qxf1+ 38. Kh2 Qh1+ 39. Kg3 Qxh6 0-1

[Event "Titled Tue 3rd Jan Late"]
[Site "chess.com INT"]
[Date "2025.06.03"]
[Round "6"]
[White "Khanbutaev, Artemii"]
[Black "Gyurjinyan, Valter"]
[Result "0-1"]
[BlackTitle "CM"]
[WhiteElo "2059"]
[BlackElo "2208"]
[WhiteFideId "55747175"]
[BlackFideId "13318179"]
[EventDate "2025.06.03"]

1. d4 Nf6 2. c4 e6 3. g3 d5 4. Nf3 Be7 5. Bg2 O-O 6. O-O dxc4 7. Qc2 a6 8. Qxc4
b5 9. Qc2 Bb7 10. Bd2 Nc6 11. e3 Nb4 12. Bxb4 Bxb4 13. a3 Bd6 14. Nbd2 Rc8 15.
Nb3 Nd7 16. Na5 Ba8 17. Nc6 Qe8 18. Rfc1 Nb6 19. Nd2 e5 20. Bh3 exd4 21. Bxc8
dxe3 22. Re1 Qxc6 23. Qxc6 Bxc6 24. Rxe3 Rxc8 25. Rc1 Bd5 26. Rd3 Re8 27. b3
Bxa3 28. Rxc7 Re1+ 29. Nf1 h5 30. Re3 Rb1 31. Re8+ Kh7 32. Re5 Bd6 33. Rxd5 Bxc7
34. Rxh5+ Kg8 35. Rc5 Bd8 36. Rc3 a5 37. Kg2 Bf6 38. Rc6 Nd5 39. Rc5 Nc3 40. Nd2
Rb2 41. Rc8+ Kh7 42. Nf3 Rxb3 43. g4 Nd5 44. g5 Nf4+ 45. Kg3 Bxg5 46. Kg4 f6 47.
h4 Bh6 48. Ng5+ fxg5 49. hxg5 Nd3 50. f4 Rb4 51. gxh6 Kxh6 52. Kf5 Rxf4+ 53. Ke6
a4 54. Kd5 b4 55. Ra8 b3 56. Rb8 b2 57. Ke6 Rb4 58. Kf5 Rxb8 59. Kg4 b1=Q 60.
Kh3 Qg1 61. Kh4 Rb4+ 62. Kh3 Nf2# 0-1

[Event "Titled Tue 3rd Jan Late"]
[Site "chess.com INT"]
[Date "2025.06.03"]
[Round "6"]
[White "Caprio, Guido"]
[Black "Loskutova, Viktoriya"]
[Result "0-1"]
[WhiteTitle "IM"]
[BlackTitle "WFM"]
[WhiteElo "2435"]
[BlackElo "2066"]
[WhiteFideId "834580"]
[BlackFideId "34166278"]
[EventDate "2025.06.03"]

1. e4 e5 2. Bc4 Nf6 3. Nc3 Nc6 4. Nf3 Bc5 5. d4 exd4 6. Nd5 h6 7. c3 dxc3 8. O-O
O-O 9. bxc3 d6 10. Nd4 Nxe4 11. Qf3 Ne5 12. Qxe4 Nxc4 13. Nb3 Nb6 14. Nxc5 dxc5
15. Ne7+ Kh8 16. Bxh6 gxh6 17. Rae1 Be6 18. Qe5+ Kh7 19. Qe4+ Kh8 20. Qf4 Kh7
21. Qf6 Nd5 22. Nxd5 Qxd5 23. Re5 Qd3 24. Rxe6 fxe6 25. Qe7+ Kh8 26. Qxc7 Qxc3
27. Qe5+ Qxe5 0-1